[Event "SVR op"]
[Site "Lahnstein"]
[Date "2019.04.19"]
[Round "6"]
[White "Mailitis, Kai"]
[Black "Vossen, Harald"]
[Result "1-0"]
[WhiteElo "2045"]
[BlackElo "1789"]
[PlyCount "141"]
[EventDate "2019.04.13"]
[EventType "swiss"]
[EventRounds "7"]
[EventCountry "GER"]
[SourceTitle "EXT 2021"]
[Source "ChessBase"]
[SourceDate "2020.10.23"]
[SourceVersion "1"]
[SourceVersionDate "2020.10.23"]
[SourceQuality "1"]

1. d4 c5 2. Nf3 d5 3. g3 Nc6 4. Bg2 Nf6 5. 0-0 e6 6. c4 cxd4 7. Nxd4 Bc5 8. Nxc6 bxc6 9. Nc3 0-0 10. e4 Bb7 11. Bg5 d4 12. Na4 Qd6 13. b4 Bxb4 14. Rb1 a5 15. a3 Nd7 16. axb4 axb4 17. c5 Nxc5 18. Nxc5 Qxc5 19. Bd2 Rfc8 20. Bxb4 Qa7 21. Ra1 Ba6 22. Rxa6 Qxa6 23. Qxd4 Rd8 24. Qe5 Qb5 25. Qxb5 cxb5 26. Rb1 Rab8 27. Bf1 Rd7 28. e5 f6 29. Bd6 Rb6 30. Rxb5 Rxb5 31. Bxb5 Rb7 32. Be8 fxe5 33. Bxe5 Re7 34. Bc6 Kf7 35. h4 h5 36. Kg2 Ra7 37. Bd4 Rc7 38. Ba8 Rd7 39. Be3 Rd8 40. Be4 g6 41. Kf3 Rb8 42. Kf4 Rb5 43. Bd4 Rb4 44. Be5 Rb5 45. f3 Ra5 46. Bd3 Rd5 47. Bb1 Rb5 48. Bc2 Rc5 49. Bd3 Rd5 50. Ke4 Rd8 51. Bc4 Rd7 52. Kf4 Ra7 53. Kg5 Ra3 54. Bf4 Kg7 55. Bc7 Rxf3 56. Bxe6 Re3 57. Bd5 Re7 58. Bd6 Re3 59. Kf4 Re8 60. Be5+ Kh6 61. Bf6 Re1 62. Be4 Rf1+ 63. Ke5 Rf2 64. Ke6 Re2 65. Kd5 Re1 66. Be5 g5 67. Bc3 Rd1+ 68. Ke6 gxh4 69. gxh4 Rd8 70. Bf6 Re8+ 71. Kf5 1-0

[Event "SVR-op"]
[Site "Heimbach Weis"]
[Date "2017.04.13"]
[Round "4"]
[White "Michels, Holger"]
[Black "Mailitis, Kai"]
[Result "0-1"]
[WhiteElo "1807"]
[BlackElo "2020"]
[PlyCount "70"]
[EventDate "2017.04.08"]
[EventType "swiss"]
[EventRounds "7"]
[EventCountry "GER"]
[SourceTitle "EXT 2020"]
[Source "ChessBase"]
[SourceDate "2019.10.17"]
[SourceVersion "1"]
[SourceVersionDate "2019.10.17"]
[SourceQuality "1"]

1. c4 e5 2. g3 Nf6 3. Bg2 c6 4. e4 Bc5 5. Ne2 0-0 6. Nbc3 a5 7. d3 d6 8. 0-0 Be6 9. h3 d5 10. cxd5 cxd5 11. Bg5 d4 12. Na4 Bd6 13. b3 h6 14. Bd2 b5 15. Nb2 Ba3 16. Rb1 Nfd7 17. f4 f6 18. g4 Nc5 19. Bc1 Nc6 20. f5 Bf7 21. h4 Nb4 22. Na4 Bxc1 23. Nxc5 Be3+ 24. Kh2 Qd6 25. Ne6 Rfc8 26. a3 Na2 27. Rb2 Nc3 28. Qa1 Bxe6 29. fxe6 Qxe6 30. Bh3 Nxe2 31. Rxe2 Qxb3 32. g5 Qxd3 33. Qa2+ Rc4 34. gxf6 Bf4+ 35. Kh1 Qxh3+ 0-1

[Event "SVR-op"]
[Site "Heimbach Weis"]
[Date "2017.04.08"]
[Round "2"]
[White "Klemens, Martina"]
[Black "Mailitis, Kai"]
[Result "0-1"]
[WhiteElo "1510"]
[BlackElo "2020"]
[PlyCount "36"]
[EventDate "2017.04.08"]
[EventType "swiss"]
[EventRounds "7"]
[EventCountry "GER"]
[SourceTitle "EXT 2020"]
[Source "ChessBase"]
[SourceDate "2019.10.17"]
[SourceVersion "1"]
[SourceVersionDate "2019.10.17"]
[SourceQuality "1"]

1. e4 c5 2. Nf3 Nc6 3. Bc4 e6 4. Nc3 a6 5. a4 Nf6 6. d4 cxd4 7. Nxd4 Qc7 8. 0-0 Bc5 9. Nb3 Ba7 10. Re1 Ne5 11. Be2 h5 12. Bg5 Neg4 13. Bxg4 Nxg4 14. Be3 Qxh2+ 15. Kf1 Bxe3 16. Qf3 Qc7 17. Kg1 Bxf2+ 18. Kf1 Nh2+ 0-1

[Event "GER-ch 86th"]
[Site "Saarbruecken"]
[Date "2015.12.11"]
[Round "9"]
[White "Scherer, Max"]
[Black "Mailitis, Kai"]
[Result "1/2-1/2"]
[WhiteElo "2236"]
[BlackElo "2087"]
[PlyCount "82"]
[EventDate "2015.12.03"]
[EventType "swiss"]
[EventRounds "9"]
[EventCountry "GER"]
[SourceTitle "CBM 169 Extra"]
[Source "ChessBase"]
[SourceDate "2015.12.18"]
[SourceVersion "1"]
[SourceVersionDate "2015.12.18"]
[SourceQuality "1"]

1. c4 e5 2. g3 Nf6 3. Bg2 c6 4. Nf3 e4 5. Nd4 d5 6. Nc3 dxc4 7. Nc2 Be6 8. Nxe4 Nxe4 9. Bxe4 Na6 10. 0-0 Nc5 11. Bg2 h5 12. Ne3 h4 13. Qc2 hxg3 14. fxg3 Bd6 15. Nxc4 Bc7 16. Rf3 Rxh2 17. Ne3 Rh5 18. b4 Nd7 19. d4 Nf6 20. Bb2 Qd7 21. a4 Bh3 22. Bh1 Bg4 23. Nxg4 Qxg4 24. Qb3 0-0-0 25. Bg2 Rg5 26. Ra3 Bb6 27. Rf4 Qxe2 28. a5 Bc7 29. Rf2 Qe1+ 30. Rf1 Qxg3 31. Qxg3 Rxg3 32. Rxg3 Bxg3 33. a6 b6 34. Bxc6 Kc7 35. b5 Bd6 36. d5 Rh8 37. Rf3 Rh6 38. Kf1 Rh1+ 39. Ke2 Rh2+ 40. Rf2 Rxf2+ 41. Kxf2 Kd8 1/2-1/2

[Event "GER-ch 86th"]
[Site "Saarbruecken"]
[Date "2015.12.04"]
[Round "2"]
[White "Mailitis, Kai"]
[Black "Fuellgrabe, Thomas"]
[Result "1/2-1/2"]
[WhiteElo "2087"]
[BlackElo "2244"]
[PlyCount "81"]
[EventDate "2015.12.03"]
[EventType "swiss"]
[EventRounds "9"]
[EventCountry "GER"]
[SourceTitle "CBM 169 Extra"]
[Source "ChessBase"]
[SourceDate "2015.12.18"]
[SourceVersion "1"]
[SourceVersionDate "2015.12.18"]
[SourceQuality "1"]

1. e4 e5 2. Nf3 Nc6 3. d4 exd4 4. Nxd4 Nf6 5. Nc3 Bb4 6. Nxc6 bxc6 7. Bd3 0-0 8. 0-0 d5 9. exd5 cxd5 10. h3 Rb8 11. Bg5 Be7 12. Re1 Be6 13. b3 h6 14. Bd2 c5 15. Qf3 Qd7 16. Bf4 Rb4 17. a3 Rb7 18. Rad1 Qc6 19. Be5 Rc8 20. Bf5 Rd7 21. Ne2 d4 22. Qxc6 Rxc6 23. Bxe6 Rxe6 24. Nf4 Ra6 25. a4 g5 26. Bxf6 Bxf6 27. Re8+ Kh7 28. Nd3 Rc6 29. Nb2 Rcd6 30. Rc8 Rd5 31. Re1 Be7 32. Kf1 Kg7 33. Nd3 h5 34. g4 hxg4 35. hxg4 Kf6 36. Kg2 Rd8 37. Rc6+ Bd6 38. Rh1 Kg7 39. Re1 Rh8 40. Rh1 Re8 41. Re1 1/2-1/2

[Event "GER-ch 86th"]
[Site "Saarbruecken"]
[Date "2015.12.03"]
[Round "1"]
[White "Bastian, Herbert"]
[Black "Mailitis, Kai"]
[Result "1-0"]
[WhiteElo "2328"]
[BlackElo "2087"]
[PlyCount "89"]
[EventDate "2015.12.03"]
[EventType "swiss"]
[EventRounds "9"]
[EventCountry "GER"]
[SourceTitle "CBM 169 Extra"]
[Source "ChessBase"]
[SourceDate "2015.12.18"]
[SourceVersion "1"]
[SourceVersionDate "2015.12.18"]
[SourceQuality "1"]

1. e4 c5 2. Nc3 Nc6 3. g3 g6 4. Bg2 Bg7 5. d3 d6 6. Nf3 Rb8 7. 0-0 b5 8. h3 b4 9. Nd5 Nf6 10. a3 a5 11. axb4 axb4 12. Bg5 e6 13. Nxf6+ Bxf6 14. Bxf6 Qxf6 15. Qc1 0-0 16. c3 Bb7 17. Qd2 Ra8 18. Nh2 Na5 19. Ng4 Qg7 20. Qc2 bxc3 21. bxc3 c4 22. d4 f5 23. Ne3 f4 24. gxf4 Rxf4 25. Rab1 Raf8 26. Rb5 Nc6 27. Rb6 Ba8 28. Nxc4 Qe7 29. Ne3 Qg5 30. Qd3 Rf3 31. Kh1 Rxf2 32. Rxf2 Rxf2 33. Ng4 Qc1+ 34. Kh2 Qf4+ 35. Qg3 Qxg3+ 36. Kxg3 Rc2 37. d5 exd5 38. exd5 Rxc3+ 39. Kf4 Ne7 40. Rxd6 Rc8 41. Rd7 Kf8 42. Nf6 Rc2 43. Be4 Rf2+ 44. Ke5 Kf7 45. d6 1-0

[Event "SVR op"]
[Site "Nickenich"]
[Date "2015.03.29"]
[Round "3"]
[White "Naumann, Tobias"]
[Black "Mailitis, Kai"]
[Result "1-0"]
[WhiteElo "1715"]
[BlackElo "2019"]
[PlyCount "81"]
[EventDate "2015.03.28"]
[EventType "swiss"]
[EventRounds "7"]
[EventCountry "GER"]
[SourceTitle "EXT 2016"]
[Source "ChessBase"]
[SourceDate "2015.10.08"]
[SourceVersion "1"]
[SourceVersionDate "2015.10.08"]
[SourceQuality "1"]

1. e4 c5 2. Nf3 Nc6 3. c3 Qa5 4. Bc4 Nf6 5. e5 d5 6. exd6 exd6 7. Qb3 Qc7 8. 0-0 Na5 9. Re1+ Kd8 10. Qa4 Nxc4 11. Qxc4 Be6 12. Qa4 h6 13. d4 c4 14. Bf4 Qc6 15. Qxc6 bxc6 16. Nbd2 a5 17. b3 Nd5 18. Bg3 Nxc3 19. bxc4 Be7 20. a4 d5 21. Re3 Ne4 22. cxd5 cxd5 23. Nxe4 dxe4 24. Rxe4 Bf6 25. Be5 Bd5 26. Bxf6+ gxf6 27. Rf4 Ra6 28. h3 Kd7 29. Nd2 Re8 30. Kf1 Rc6 31. f3 Rc2 32. Ne4 Bxe4 33. fxe4 Rc4 34. Rxf6 Rxe4 35. Rxf7+ Kd6 36. Ra7 Rc2 37. Rxa5 Ree2 38. Ra6+ Kd5 39. Rg6 Kxd4 40. a5 Ke4 41. Re6+ 1-0

[Event "Karl Mala Memorial op-A 17th"]
[Site "Frankfurt"]
[Date "2014.08.03"]
[Round "6"]
[White "Spitzl, Vinzent"]
[Black "Mailitis, Kai"]
[Result "1-0"]
[WhiteElo "1902"]
[BlackElo "2103"]
[PlyCount "93"]
[EventDate "2014.07.31"]
[EventType "swiss"]
[EventRounds "7"]
[EventCountry "GER"]
[SourceTitle "EXT 2015"]
[Source "ChessBase"]
[SourceDate "2014.11.20"]
[SourceVersion "1"]
[SourceVersionDate "2014.11.20"]
[SourceQuality "1"]

1. e4 c5 2. Nf3 Nc6 3. d4 cxd4 4. Nxd4 Nf6 5. Nc3 e5 6. Ndb5 d6 7. Bg5 a6 8. Na3 b5 9. Bxf6 gxf6 10. Nd5 f5 11. Bd3 Be6 12. 0-0 Ra7 13. c4 b4 14. Nc2 Rg8 15. exf5 Bxd5 16. cxd5 Qg5 17. Qf3 e4 18. Bxe4 Ne5 19. Qe3 Qxe3 20. Nxe3 Nd7 21. Nc4 Nc5 22. Rfe1 Re7 23. Bc2 Kd7 24. Rxe7+ Bxe7 25. f3 h5 26. Na5 Bf6 27. Nc4 Re8 28. Kf1 Rg8 29. Rd1 Re8 30. Kf2 Kc7 31. g3 Rg8 32. Re1 Kd7 33. Kg2 Kc7 34. b3 Kd7 35. f4 h4 36. Kf3 hxg3 37. hxg3 Rh8 38. Kg2 Bc3 39. Rh1 Re8 40. Kf3 Re1 41. Rxe1 Bxe1 42. g4 Bc3 43. g5 Bd4 44. Kg4 Ke7 45. f6+ Kd7 46. Bf5+ Kc7 47. Bh7 1-0

[Event "Karl Mala Memorial op-A 17th"]
[Site "Frankfurt"]
[Date "2014.08.02"]
[Round "5"]
[White "Mailitis, Kai"]
[Black "Bozicevic, Falko"]
[Result "1/2-1/2"]
[WhiteElo "2103"]
[BlackElo "1870"]
[PlyCount "89"]
[EventDate "2014.07.31"]
[EventType "swiss"]
[EventRounds "7"]
[EventCountry "GER"]
[SourceTitle "EXT 2015"]
[Source "ChessBase"]
[SourceDate "2014.11.20"]
[SourceVersion "1"]
[SourceVersionDate "2014.11.20"]
[SourceQuality "1"]

1. e4 Nf6 2. Nc3 d6 3. d4 g6 4. f3 Bg7 5. Be3 c6 6. Qd2 h5 7. 0-0-0 b5 8. Kb1 a5 9. e5 dxe5 10. dxe5 Qxd2 11. Rxd2 Nfd7 12. f4 Na6 13. g3 Bb7 14. Bg2 0-0-0 15. Nge2 Ndc5 16. Rhd1 Rxd2 17. Rxd2 Rd8 18. Rxd8+ Kxd8 19. Ne4 Nxe4 20. Bxe4 Kc7 21. Nd4 e6 22. Nf3 Bh6 23. c3 c5 24. Nd2 Bf8 25. c4 b4 26. Kc2 a4 27. b3 a3 28. Kd3 Be7 29. h3 Bxe4+ 30. Kxe4 Kb6 31. g4 hxg4 32. hxg4 Kc6 33. f5 gxf5+ 34. gxf5 Kd7 35. Bh6 Ke8 36. f6 Bd8 37. Kf4 Bc7 38. Ne4 Bb8 39. Bg5 Bc7 40. Bh4 Bb8 41. Bf2 Ba7 42. Kg5 Kf8 43. Be3 Kg8 44. Kh5 Bb6 45. Kg5 1/2-1/2

[Event "Karl Mala Memorial op-A 17th"]
[Site "Frankfurt"]
[Date "2014.08.02"]
[Round "4"]
[White "Weiland, Thomas"]
[Black "Mailitis, Kai"]
[Result "0-1"]
[WhiteElo "1889"]
[BlackElo "2103"]
[PlyCount "104"]
[EventDate "2014.07.31"]
[EventType "swiss"]
[EventRounds "7"]
[EventCountry "GER"]
[SourceTitle "EXT 2015"]
[Source "ChessBase"]
[SourceDate "2014.11.20"]
[SourceVersion "1"]
[SourceVersionDate "2014.11.20"]
[SourceQuality "1"]

1. e4 c5 2. Nf3 Nc6 3. c3 e6 4. d4 d5 5. exd5 Qxd5 6. Be3 cxd4 7. Nxd4 Nxd4 8. Qxd4 Nf6 9. Nd2 e5 10. Qxd5 Nxd5 11. Bb5+ Bd7 12. Bxd7+ Kxd7 13. Nc4 Nxe3 14. Nxe3 Bc5 15. Rd1+ Ke6 16. Ke2 Rad8 17. Rxd8 Rxd8 18. Rd1 Rxd1 19. Nxd1 f5 20. b3 e4 21. a4 g5 22. Nb2 Bd6 23. h3 Be5 24. Kd2 f4 25. Nc4 Bc7 26. Ke2 h5 27. Nd2 Kf5 28. b4 Be5 29. Nb1 g4 30. hxg4+ Kxg4 31. c4 f3+ 32. Kf1 fxg2+ 33. Kxg2 h4 34. c5 h3+ 35. Kh1 Bd4 36. Nd2 Kf4 37. a5 Bxf2 38. Nb3 a6 39. Kh2 Be1 40. b5 axb5 41. a6 bxa6 42. c6 Kg4 43. Nc5 Bg3+ 44. Kg1 Kf3 45. Nxa6 e3 46. Nb4 Ke4 47. Nc2 Kd3 48. Ne1+ Kd2 49. Nf3+ Kd1 50. Kh1 e2 51. c7 Bxc7 52. Ng1 b4 0-1

[Event "Karl Mala Memorial op-A 17th"]
[Site "Frankfurt"]
[Date "2014.08.01"]
[Round "2"]
[White "Ovsejevitsch, Sergei"]
[Black "Mailitis, Kai"]
[Result "1-0"]
[WhiteElo "2569"]
[BlackElo "2103"]
[PlyCount "55"]
[EventDate "2014.07.31"]
[EventType "swiss"]
[EventRounds "7"]
[EventCountry "GER"]
[SourceTitle "EXT 2015"]
[Source "ChessBase"]
[SourceDate "2014.11.20"]
[SourceVersion "1"]
[SourceVersionDate "2014.11.20"]
[SourceQuality "1"]

1. Nf3 Nf6 2. c4 g6 3. Nc3 d5 4. Qa4+ c6 5. cxd5 Nxd5 6. Qd4 Nf6 7. Qxd8+ Kxd8 8. d4 Bg7 9. e4 h6 10. Bc4 Ke8 11. 0-0 Nfd7 12. Bf4 Nb6 13. Bb3 N8d7 14. Rfd1 g5 15. Be3 Nf8 16. h4 g4 17. Ne1 f5 18. exf5 Bxf5 19. Nd3 Nfd7 20. Nf4 Nf6 21. a4 Rd8 22. Be6 Bc2 23. Rdc1 Bh7 24. a5 Na8 25. Ra4 Nc7 26. Rb4 Rd6 27. Bb3 Nb5 28. Nxb5 1-0

[Event "Rheinland Pfalz op 6th"]
[Site "Gau Algesheim"]
[Date "2014.06.19"]
[Round "1"]
[White "Baumann, Bettina"]
[Black "Mailitis, Kai"]
[Result "0-1"]
[WhiteElo "1726"]
[BlackElo "2095"]
[PlyCount "32"]
[EventDate "2014.06.19"]
[EventType "swiss"]
[EventRounds "7"]
[EventCountry "GER"]
[SourceTitle "CBM 161 Extra"]
[Source "ChessBase"]
[SourceDate "2014.08.29"]
[SourceVersion "1"]
[SourceVersionDate "2014.08.29"]
[SourceQuality "1"]

1. d4 Nf6 2. c4 g6 3. Nc3 d5 4. e3 Bg7 5. Nf3 0-0 6. Be2 dxc4 7. Bxc4 c5 8. 0-0 Nc6 9. dxc5 Qa5 10. Bb3 Rd8 11. Qe2 Qxc5 12. Bd2 Bg4 13. Rfd1 Qh5 14. Qc4 Bxf3 15. gxf3 Ne5 16. Ne4 Nxc4 0-1

[Event "Rheinland Pfalz op 6th"]
[Site "Gau Algesheim"]
[Date "2014.06.19"]
[Round "2"]
[White "Mailitis, Kai"]
[Black "Schoenberger, Kay"]
[Result "1-0"]
[WhiteElo "2095"]
[BlackElo "1877"]
[PlyCount "67"]
[EventDate "2014.06.19"]
[EventType "swiss"]
[EventRounds "7"]
[EventCountry "GER"]
[SourceTitle "CBM 161 Extra"]
[Source "ChessBase"]
[SourceDate "2014.08.29"]
[SourceVersion "1"]
[SourceVersionDate "2014.08.29"]
[SourceQuality "1"]

1. e4 c5 2. Nf3 d6 3. Bb5+ Bd7 4. Bxd7+ Nxd7 5. 0-0 e5 6. c3 Ngf6 7. Re1 Be7 8. d4 0-0 9. Nbd2 Qc7 10. Nf1 Rfe8 11. Ng3 Bf8 12. h4 d5 13. exd5 exd4 14. c4 Rxe1+ 15. Nxe1 Re8 16. Nd3 Ne5 17. Bf4 Bd6 18. Bxe5 Bxe5 19. Nf1 Bd6 20. Qf3 Re4 21. g3 Qe7 22. a3 Nd7 23. Rd1 b6 24. Nd2 Re2 25. Kf1 Re5 26. Nxe5 Nxe5 27. Qf5 g6 28. Qc8+ Kg7 29. Re1 d3 30. f4 Qf6 31. Kg2 Ng4 32. Qxg4 Qxb2 33. Qd1 Qxa3 34. Qa1+ 1-0

[Event "Karl Mala Memorial op 10th"]
[Site "Griesheim"]
[Date "2006.07.23"]
[Round "7"]
[White "Herrmann, Oliver"]
[Black "Mailitis, Kai"]
[Result "1/2-1/2"]
[WhiteElo "2018"]
[BlackElo "2171"]
[PlyCount "44"]
[EventDate "2006.07.20"]
[EventType "swiss"]
[EventRounds "7"]
[EventCountry "GER"]
[SourceTitle "CBM 113 Extra"]
[Source "ChessBase"]
[SourceDate "2006.09.14"]
[SourceVersion "1"]
[SourceVersionDate "2006.09.14"]
[SourceQuality "1"]

1. e4 e6 2. Nf3 d5 3. Nc3 dxe4 4. Nxe4 Nd7 5. d4 Ngf6 6. Nxf6+ Nxf6 7. Bd3 c5 8. dxc5 Bxc5 9. 0-0 0-0 10. Bg5 Qc7 11. Qe2 Rd8 12. Rad1 Bd7 13. Bxf6 gxf6 14. Qe4 f5 15. Qh4 Bf8 16. Rfe1 Bg7 17. Re3 Bc6 18. Rde1 Bxf3 19. Rxf3 Rd4 20. Qh5 Qd8 21. Rg3 Qf6 22. Qf3 Rd7 1/2-1/2

[Event "Karl Mala Memorial op 10th"]
[Site "Griesheim"]
[Date "2006.07.20"]
[Round "1"]
[White "Khasin, Daniel"]
[Black "Mailitis, Kai"]
[Result "1/2-1/2"]
[WhiteElo "1867"]
[BlackElo "2171"]
[PlyCount "84"]
[EventDate "2006.07.20"]
[EventType "swiss"]
[EventRounds "7"]
[EventCountry "GER"]
[SourceTitle "CBM 113 Extra"]
[Source "ChessBase"]
[SourceDate "2006.09.14"]
[SourceVersion "1"]
[SourceVersionDate "2006.09.14"]
[SourceQuality "1"]

1. e4 c5 2. Nc3 Nc6 3. g3 g6 4. d3 Bg7 5. Bg2 e6 6. Be3 Qa5 7. Qd2 Nd4 8. f4 Ne7 9. e5 Nef5 10. Bf2 h5 11. Nf3 d6 12. exd6 Nxd6 13. Nxd4 cxd4 14. Ne4 Qxd2+ 15. Nxd2 0-0 16. Nf3 Nf5 17. Bh3 Rd8 18. 0-0-0 b6 19. Rhe1 Bb7 20. Bg2 Rac8 21. Nh4 Bxg2 22. Nxg2 Rc6 23. h3 b5 24. g4 hxg4 25. hxg4 Nh6 26. g5 Nf5 27. Nh4 Nxh4 28. Bxh4 a5 29. Re4 b4 30. b3 a4 31. Rd2 axb3 32. axb3 Ra6 33. Kd1 Ra1+ 34. Ke2 Kf8 35. Kf3 Ke7 36. Rh2 Rh8 37. Bg3 Rf1+ 38. Kg2 Rc1 39. Re2 Rxh2+ 40. Kxh2 Kd7 41. Kg2 Kc6 42. Kf3 Rh1 1/2-1/2

[Event "SVR-ch HT 29th"]
[Site "Koblenz"]
[Date "2006.04.13"]
[Round "4"]
[White "Mailitis, Kai"]
[Black "Bilitza, Alwin"]
[Result "1-0"]
[WhiteElo "2171"]
[BlackElo "1943"]
[PlyCount "49"]
[EventDate "2006.04.08"]
[EventType "swiss"]
[EventRounds "7"]
[EventCountry "GER"]
[SourceTitle "EXT 2009"]
[Source "ChessBase"]
[SourceDate "2008.11.26"]
[SourceVersion "1"]
[SourceVersionDate "2008.11.26"]
[SourceQuality "1"]

1. d4 c5 2. c3 e6 3. Nf3 cxd4 4. cxd4 Bb4+ 5. Bd2 Bxd2+ 6. Qxd2 Nf6 7. Nc3 d5 8. e3 b6 9. Bb5+ Bd7 10. Bd3 0-0 11. Rc1 Bc6 12. Ne5 Bb7 13. 0-0 Ne4 14. Qc2 f5 15. Nb5 Na6 16. Qa4 Qe8 17. Qa3 Rc8 18. f3 Nb8 19. fxe4 Rxc1 20. Rxc1 fxe4 21. Be2 Qd8 22. Qd6 Qxd6 23. Nxd6 Ba6 24. Bxa6 Nxa6 25. Rc8 1-0

[Event "SVR-op"]
[Site "Hoehr-Grenzhausen"]
[Date "2004.??.??"]
[Round "7"]
[White "Mailitis, Kai"]
[Black "Sefeloge, Michael"]
[Result "1-0"]
[WhiteElo "2163"]
[BlackElo "2014"]
[PlyCount "67"]
[EventDate "2004.??.??"]
[EventType "swiss"]
[EventRounds "7"]
[EventCountry "GER"]
[SourceTitle "EXT 2009"]
[Source "ChessBase"]
[SourceDate "2008.11.26"]
[SourceVersion "1"]
[SourceVersionDate "2008.11.26"]
[SourceQuality "1"]

1. d4 d5 2. Nf3 Nf6 3. Bf4 e6 4. Nbd2 Be7 5. e3 0-0 6. Ne5 Nbd7 7. Bd3 c5 8. c3 c4 9. Bc2 Re8 10. Qf3 Nxe5 11. dxe5 Nd7 12. 0-0 Bg5 13. Rfd1 Bxf4 14. Qxf4 f6 15. exf6 Qxf6 16. Qxf6 Nxf6 17. Nf3 e5 18. h3 Bd7 19. e4 Bc6 20. exd5 Bxd5 21. Nd2 Rac8 22. Nf1 Rc5 23. Ne3 Be4 24. Bxe4 Nxe4 25. Rd7 b5 26. Rad1 a5 27. Ra7 b4 28. Rdd7 Nxc3 29. Rxg7+ Kh8 30. Rxh7+ Kg8 31. bxc3 b3 32. axb3 cxb3 33. Ng4 Re6 34. Rhb7 1-0

[Event "Pyramiden Franken Cup 5th"]
[Site "Fuerth"]
[Date "2002.09.05"]
[Round "6"]
[White "Mailitis, Kai"]
[Black "Teich, Udo"]
[Result "1-0"]
[WhiteElo "2074"]
[BlackElo "2106"]
[PlyCount "39"]
[EventDate "2002.08.31"]
[EventType "swiss"]
[EventRounds "9"]
[EventCountry "GER"]
[SourceTitle "CBM 090 Extra"]
[Source "ChessBase"]
[SourceDate "2002.11.07"]
[SourceVersion "1"]
[SourceVersionDate "2002.11.07"]
[SourceQuality "1"]

1. d4 d5 2. Nf3 Nf6 3. Bf4 Nc6 4. e3 g6 5. c4 Bg7 6. Nc3 Bg4 7. h3 Bxf3 8. Qxf3 a6 9. Rc1 e6 10. Bg5 h6 11. Bxf6 Bxf6 12. cxd5 exd5 13. Qxd5 Qc8 14. Bc4 Nd8 15. Qe4+ Kf8 16. Nd5 Bg7 17. Qe7+ Kg8 18. Qxc7 Kh7 19. Bd3 Ne6 20. Bxg6+ 1-0

[Event "Pyramiden Franken Cup 5th"]
[Site "Fuerth"]
[Date "2002.09.04"]
[Round "5"]
[White "Guggenberger, Guido"]
[Black "Mailitis, Kai"]
[Result "0-1"]
[WhiteElo "2167"]
[BlackElo "2074"]
[PlyCount "106"]
[EventDate "2002.08.31"]
[EventType "swiss"]
[EventRounds "9"]
[EventCountry "GER"]
[SourceTitle "CBM 090 Extra"]
[Source "ChessBase"]
[SourceDate "2002.11.07"]
[SourceVersion "1"]
[SourceVersionDate "2002.11.07"]
[SourceQuality "1"]

1. c4 e5 2. g3 Nf6 3. Bg2 c6 4. d4 exd4 5. Qxd4 d5 6. cxd5 cxd5 7. Nf3 Nc6 8. Qa4 Bc5 9. 0-0 0-0 10. Nbd2 Re8 11. e3 Bf5 12. Nb3 Bb6 13. Nbd4 Re4 14. Nxc6 Rxa4 15. Nxd8 Bxd8 16. b3 Ra6 17. Nd4 Be4 18. f3 Bg6 19. Bh3 Ba5 20. Ne2 Bd3 21. Rf2 Be1 22. Rg2 Re8 23. Nf4 Bb5 24. Bd2 Bxd2 25. Rxd2 Bc6 26. Kf2 g5 27. Ne2 h5 28. Bf5 g4 29. fxg4 hxg4 30. Rd4 Re5 31. Bxg4 Ne4+ 32. Kg2 Bb5 33. a4 Bxe2 34. Bxe2 Rb6 35. b4 Nc3 36. Rg4+ Kf8 37. Kf2 Ne4+ 38. Kg2 Rxb4 39. Bd3 Rb2+ 40. Kg1 Nc3 41. Re1 Ra2 42. Rc1 Rxe3 43. Rf1 Ne4 44. Bxe4 Rxe4 45. Rxe4 dxe4 46. Rc1 Rxa4 47. Rc8+ Kg7 48. Rc7 b5 49. Rc5 Rb4 50. Kf2 a5 51. Ke3 a4 52. Kd2 a3 53. Rc3 a2 0-1

[Event "Pyramiden Franken Cup 5th"]
[Site "Fuerth"]
[Date "2002.09.03"]
[Round "4"]
[White "Stuemer, Paul"]
[Black "Mailitis, Kai"]
[Result "1/2-1/2"]
[WhiteElo "2145"]
[BlackElo "2074"]
[PlyCount "84"]
[EventDate "2002.08.31"]
[EventType "swiss"]
[EventRounds "9"]
[EventCountry "GER"]
[SourceTitle "CBM 090 Extra"]
[Source "ChessBase"]
[SourceDate "2002.11.07"]
[SourceVersion "1"]
[SourceVersionDate "2002.11.07"]
[SourceQuality "1"]

1. c4 Nf6 2. g3 e5 3. Bg2 c6 4. d4 exd4 5. Qxd4 d5 6. Nc3 dxc4 7. Qxd8+ Kxd8 8. Nf3 Bd6 9. Nd2 Be6 10. 0-0 Ke7 11. Re1 Nbd7 12. h3 Nc5 13. Nf3 Nd5 14. Nd4 Nxc3 15. bxc3 Rac8 16. Rb1 Rc7 17. Be3 g6 18. Red1 a6 19. Bg5+ f6 20. Nxe6 Nxe6 21. Bxf6+ Kxf6 22. Rxd6 Rd8 23. Rxd8 Nxd8 24. h4 Rd7 25. Bh3 Rd2 26. Bc8 b5 27. a4 Ra2 28. axb5 cxb5 29. Rd1 Nf7 30. Rd5 Ra3 31. Kg2 Rxc3 32. Bxa6 b4 33. Rb5 b3 34. Rb6+ Kg7 35. Bxc4 Rxc4 36. Rxb3 Rc2 37. Re3 Nd6 38. Re7+ Nf7 39. Kf3 Kf6 40. Ra7 Ne5+ 41. Ke3 h5 42. f3 Rc6 1/2-1/2

[Event "Pyramiden Franken Cup 5th"]
[Site "Fuerth"]
[Date "2002.09.01"]
[Round "2"]
[White "Suess, Stefan"]
[Black "Mailitis, Kai"]
[Result "0-1"]
[WhiteElo "1597"]
[BlackElo "2074"]
[PlyCount "46"]
[EventDate "2002.08.31"]
[EventType "swiss"]
[EventRounds "9"]
[EventCountry "GER"]
[SourceTitle "CBM 090 Extra"]
[Source "ChessBase"]
[SourceDate "2002.11.07"]
[SourceVersion "1"]
[SourceVersionDate "2002.11.07"]
[SourceQuality "1"]

1. e4 e6 2. f4 d5 3. e5 c5 4. Nf3 Nc6 5. c3 Nge7 6. Be2 Nf5 7. 0-0 d4 8. d3 Be7 9. Na3 a6 10. Qe1 h5 11. Bd2 b5 12. Nc2 Bb7 13. b4 dxc3 14. Bxc3 h4 15. Rc1 cxb4 16. Bxb4 Nxb4 17. Nxb4 Qb6+ 18. Rf2 Bc5 19. d4 Nxd4 20. Kh1 Nf5 21. Nd3 Be3 22. Rc2 Rd8 23. Qb4 Ng3+ 0-1

[Event "Pyramiden Franken Cup 5th"]
[Site "Fuerth"]
[Date "2002.08.31"]
[Round "1"]
[White "Mailitis, Kai"]
[Black "Voigt, Roland"]
[Result "0-1"]
[WhiteElo "2074"]
[BlackElo "2335"]
[PlyCount "82"]
[EventDate "2002.08.31"]
[EventType "swiss"]
[EventRounds "9"]
[EventCountry "GER"]
[SourceTitle "CBM 090 Extra"]
[Source "ChessBase"]
[SourceDate "2002.11.07"]
[SourceVersion "1"]
[SourceVersionDate "2002.11.07"]
[SourceQuality "1"]

1. d4 Nf6 2. Bg5 Ne4 3. Bh4 d5 4. f3 Nf6 5. e4 dxe4 6. Nc3 e3 7. Qd3 e6 8. 0-0-0 Be7 9. Kb1 0-0 10. Bg3 a6 11. Qxe3 Nc6 12. Bd3 Nb4 13. Be4 Nfd5 14. Qe1 c5 15. Bf2 c4 16. a3 Nc6 17. Nge2 Re8 18. Qd2 b5 19. Nf4 Bg5 20. Bxd5 exd5 21. Ncxd5 b4 22. Rhe1 Rxe1 23. Rxe1 Bf5 24. g4 c3 25. bxc3 bxa3 26. Ka1 Qxd5 27. Nxd5 Bxd2 28. Re2 Be6 29. c4 Bxd5 30. Rxd2 Bxc4 31. d5 Rd8 32. d6 f6 33. Bb6 Rd7 34. Bc5 a2 35. Rd1 Kf7 36. Re1 Rb7 37. f4 h5 38. g5 fxg5 39. fxg5 Kg6 40. Ba3 Nd4 41. Rc1 Nxc2+ 0-1